東京近郊のJR列車番号の末尾 - Statistics

General Stats
  • This quiz has been taken 92 times
  • The average score is 13 of 43
Answer Stats
Hint Answer % Correct
気動車 D
53%
山手線 G
53%
中央線快速・青梅線直通(分割編成) H
51%
常磐線(普通) M
48%
高崎線 M
47%
上野東京ライン(常磐線を除く) E
45%
武蔵野線・京葉線直通 E
44%
列車 M
44%
東海道線 M
44%
むさしの号 M
44%
中央線快速・青梅線直通(固定編成) T
43%
宇都宮線 M
40%
埼京線・相鉄線直通 M
39%
常磐線各駅停車(小田急車) E
37%
総武線快速 F
37%
青梅線・五日市線 なし
36%
横須賀線 S
35%
常磐線各駅停車(メトロ車) S
33%
埼京線・川越線(各駅停車) K
32%
常磐線各駅停車(JR車) K
32%
湘南新宿ライン Y
32%
常磐線快速 H
31%
京浜東北線・根岸線(蒲田出庫) C
29%
南武線 F
29%
中央線・総武線各駅停車(1周目) B
28%
中央線・総武線各駅停車(2周目) C
27%
京浜東北線・根岸線(南浦和・東十条出庫) A
25%
京葉線(快速) A
25%
横浜線 K
25%
八高線(八王子~高麗川) E
24%
埼京線・川越線(快速) F
23%
鶴見線(2本目) B
21%
京葉線(各駅停車) Y
21%
しもうさ号 E
20%
京浜東北線・根岸線(南浦和・東十条・蒲田以外出庫) B
19%
川越線(高麗川~川越) H
17%
横須賀線(付属編成) H
17%
埼京線・川越線(通勤快速) S
17%
中央線・総武線各駅停車(東西線直通、各駅停車) Y
17%
南武支線 H
16%
鶴見線(1本目) なし
15%
中央線・総武線各駅停車(東西線直通、通勤快速・快速) A
13%
相模線 F
12%
No matching quizzes found
Score Distribution
Percent of People with Each Score
Percentile by Number Answered
Your Score History
You have not taken this quiz